Antény pro příjem televize /

Gespeichert in:
Bibliographische Detailangaben
1. Verfasser: Český, Tomáš (Verfasst von)
Format: Buch
Sprache:Tschechisch
Veröffentlicht: Praha : SNTL, 1991
Ausgabe:3.upr.a dopl.vyd.
Tags: Tag hinzufügen
Keine Tags, Fügen Sie das erste Tag hinzu!

MARC

LEADER 00000nam a22000003a 4500
001 stu1040
005 20150617225618.0
008 920120s1991----cs------------------cze-d
020 |a 80-03-00615-5 
040 |a STU  |b slo 
041 0 |a cze 
044 |a cs 
080 |a 621.396.67  |7 stu_us_auth*stu10173 
100 1 |a Český, Tomáš  |4 aut 
245 1 |a Antény pro příjem televize /  |c [aut.] Český,Tomáš 
250 |a 3.upr.a dopl.vyd. 
260 |a Praha :  |b SNTL,  |c 1991 
300 |a 264 s :  |b príl 
996 |b 284EK04754  |c E*75846  |l EE01  |s A  |a 24  |w stu1040_0001